000 00657nam 22001933 4500
001 200083
090 _a200083
100 _a20260121d u||y0pory50 ba
101 _apor
200 _aHistória Económica Mundial
_fValentin Vásquez de Prada
_gTradução de Armando Bacelar e Elisa Amado Bacelar
210 _aPorto
_cLivraria Civilização Editora
_d1986
215 _a2 vols.
_cBrochado
_d21 cm
225 _aHabitat
606 _912238
_aCiências Sociais
_xEconomia Mundial
675 _a330(100)(091)/PRA/HIS
_vPT
_zpor
700 _915889
_aPrada
_bValentin Vásquez de
801 _aPT
_bBMMN
_gRPC
830 _cCarlos Pinto
_d21-01-2026
_fCarlos Pinto
990 _cLIVROS